000 00448nam a2200145Ia 4500
008 210210b1967 xxu||||| |||| 00| 0 eng d
082 _a589.2223 MONM
100 _aMONTARNAL (Pierre).
245 _aMushrooms: A guide to toadstools and other european Fungi. ( A Little Guide in Colour series)
260 _aLondon
_bPaul Hamlys,
_c1967
300 _a160
650 _aMushrooms, Toadstools, Fungi European
690 _aBotany
906 _a028252
999 _c79506
_d79506